Central Library OPAC University of Rajshahi

The book of popular science / (Record no. 30775)

MARC details
000 -LEADER
fixed length control field 00754nam a2200253Ia 4500
001 - CONTROL NUMBER
control field 30775
003 - CONTROL NUMBER IDENTIFIER
rucl marc code BD-RjUL
005 - DATE AND TIME OF LATEST TRANSACTION
control field 20211209051620.0
008 - FIXED-LENGTH DATA ELEMENTS--GENERAL INFORMATION
fixed length control field 140412s1958 nyua b 001 0 eng d
035 ## - SYSTEM CONTROL NUMBER
System control number (BD-RjUL)30862
-- (OCoLC)
040 ## - CATALOGING SOURCE
Original cataloging agency DLC
Transcribing agency COV
Modifying agency COV
-- OCL
-- MYG
-- BD-RjUL
Language of cataloging eng
041 ## - LANGUAGE CODE
Language code of text/sound track or separate title eng
082 04 - DEWEY DECIMAL CLASSIFICATION NUMBER
Edition number 19
Classification number R 500
Author mark and year BOO V-6 1958
245 04 - TITLE STATEMENT
Title The book of popular science /
Number of part/section of a work Volume 6
260 ## - PUBLICATION, DISTRIBUTION, ETC. (IMPRINT)
Place of publication, distribution, etc. New York :
Name of publisher, distributor, etc. Grolier Society,
Date of publication, distribution, etc. 1958.
300 ## - PHYSICAL DESCRIPTION
Pagination 418 p. :
Illustrations ill. (some col.), ports., maps ;
Size 25 cm.
504 ## - BIBLIOGRAPHY, ETC. NOTE
Bibliography, etc Includes bibliographical references and index.
650 #0 - SUBJECT ADDED ENTRY--TOPICAL TERM
Topical term or geographic name as entry element Science.
9 (RLIN) 93498
Topical term or geographic name as entry element Technology.
9 (RLIN) 93499
Topical term or geographic name as entry element Natural history.
9 (RLIN) 93500
942 ## - ADDED ENTRY ELEMENTS (KOHA)
Source of classification or shelving scheme Dewey Decimal Classification
Koha item type Books
Holdings
Lost status Source of classification or shelving scheme Damaged status Not for loan Collection code Permanent Location Current Location Shelving location Date acquired Source of acquisition Total Checkouts Full call number Date last seen Copy number Koha item type
  Dewey Decimal Classification   Not For Loan Non-fiction Central Library, University of Rajshahi Central Library, University of Rajshahi Reading Room 30/06/1961 Asia Foundation, Gift.   R 500 BOO V-6 1958 12/04/2014 C-1 Books